| 000 | 00505nam a22002057a 4500 | ||
|---|---|---|---|
| 003 | LK-CoMWRAF | ||
| 005 | 20231020223658.0 | ||
| 008 | 231020b |||||||| |||| 00| 0 eng d | ||
| 020 | _a9789552079733 | ||
| 040 |
_aLK-CoMWRAF _dLK-CoMWRAF _eLK-CoMWRAF |
||
| 041 | _aeng | ||
| 082 |
_a920 _bTHE |
||
| 100 | _aThevathasan, Yogarani | ||
| 245 | _aInk on my fingers | ||
| 260 |
_aColombo : _bS. Godage, _c2004 |
||
| 300 | _a292p. ; 21cm | ||
| 650 | _aAutobiography | ||
| 650 | _aBiography | ||
| 942 | _cBK | ||
| 999 |
_c3961 _d3961 |
||